Tratado de genealogía, heráldica y derecho nobiliario (Record no. 146502)

MARC details
000 -LEADER
campo de control de longitud fija 00919nam a2200253 i 4500
001 - NÚMERO DE CONTROL
campo de control 146502
003 - IDENTIFICADOR DE NÚMERO DE CONTROL
campo de control ES-MaACL
005 - FECHA Y HORA DE LA ÚLTIMA TRANSACCIÓN
campo de control 20240326131459.0
007 - CAMPO FIJO DE DESCRIPCIÓN FÍSICA--INFORMACIÓN GENERAL
campo de control de longitud fija t|
008 - DATOS DE LONGITUD FIJA--INFORMACIÓN GENERAL
campo de control de longitud fija 070911s1984 sp ||||1| spa d
020 ## - NÚMERO INTERNACIONAL ESTÁNDAR DEL LIBRO
Número Internacional Estándar del Libro 84-00-05668-X
245 00 - MENCIÓN DEL TÍTULO
Título Tratado de genealogía, heráldica y derecho nobiliario
Resto del título : lecciones pronunciadas /
Mención de responsabilidad, etc. por Vicente de Cadenas y Vicent... [et al.].
250 ## - MENCION DE EDICION
Mención de edición 2ª ed.
260 ## - PUBLICACIÓN, DISTRIBUCIÓN, ETC.
Lugar de publicación, distribución, etc. Madrid :
Nombre del editor, distribuidor, etc. Hidalguía, Instituto Salazar y Castro,
Fecha de publicación, distribución, etc. 1984.
300 ## - DESCRIPCIÓN FÍSICA
Extensión 375 p. ;
Dimensiones 26 cm.
500 ## - NOTA GENERAL
Nota general Segundo curso de la Escuela de Genealogía, Heráldica y Nobiliária.
650 04 - PUNTO DE ACCESO ADICIONAL DE MATERIA--TÉRMINO DE MATERIA
Término de materia o nombre geográfico como elemento de entrada Genealogía.
9 (RLIN) 13045
650 07 - PUNTO DE ACCESO ADICIONAL DE MATERIA--TÉRMINO DE MATERIA
Término de materia o nombre geográfico como elemento de entrada Heráldica
Fuente del encabezamiento o término embne
9 (RLIN) 235652
700 1# - ENTRADA AGREGADA--NOMBRE PERSONAL
Nombre de persona Cadenas y Vicent, Vicente de.
9 (RLIN) 33391
710 2# - ENTRADA AGREGADA--NOMBRE DE ENTIDAD CORPORATIVA
Nombre de entidad corporativa o nombre de jurisdicción como elemento de entrada Instituto Salazar y Castro.
9 (RLIN) 5230
710 2# - ENTRADA AGREGADA--NOMBRE DE ENTIDAD CORPORATIVA
Nombre de entidad corporativa o nombre de jurisdicción como elemento de entrada Escuela de Genealogia, Heráldica y Nobiliaria.
9 (RLIN) 157632
852 ## - LOCALIZACIÓN
Ubicación ES-MaACL
Número de control de estantería L-9774
Sublocalización o colección R.110993
Holdings
Estatus retirado Estado de pérdida Estado de daño No para préstamo Biblioteca de origen Biblioteca actual Ubicación en estantería Fecha de adquisición Fuente de adquisición Total de préstamos Signatura topográfica completa Código de barras Visto por última vez Precio de reemplazo Tipo de ítem Koha
        Biblioteca del Ateneo de Madrid Biblioteca del Ateneo de Madrid Depósito 2 17/01/2008     L-9774 1152907 23/02/2023 23/02/2023 Libro impreso